Декорирование художественной керамики: учебное пособие

Dades bibliogràfiques
Autor principal: Первая С. С. Сусанна Сергеевна
Idioma:rus
Publicat: Ленинград, 1977
Matèries:
Format: MixedMaterials Llibre
KOHA link:https://koha.lib.tpu.ru/cgi-bin/koha/opac-detail.pl?biblionumber=105736

MARC

LEADER 00000nam0a2200000 4500
001 105736
005 20231031114613.0
035 |a (RuTPU)RU\TPU\book\114093 
090 |a 105736 
100 |a 20061121d1977 m y0rusy50 ca 
101 0 |a rus 
102 |a RU 
105 |a y j 001zy 
200 1 |a Декорирование художественной керамики  |e учебное пособие  |f С. С. Первая 
210 |a Ленинград  |d 1977 
215 |a 80 с. 
320 |a Библиогр.: с. 78-79. 
610 1 |a керамика 
610 1 |a декорирование 
610 1 |a учебные пособия 
675 |a 738(075.8)  |v 3 
700 1 |a Первая  |b С. С.  |g Сусанна Сергеевна 
801 1 |a RU  |b 63413507  |c 20061121  |g PSBO 
801 2 |a RU  |b 63413507  |c 20070529  |g PSBO 
942 |c BK